[Event "4NCL/Div3/HKF1 vs. SCS"]
[Site "West Bromwich ENG"]
[Date "2004.01.25"]
[Round "4.7"]
[White "Summerscale, Claire E"]
[Black "Lutton, J Arnold"]
[Result "0-1"]
[WhiteElo "2036"]
[BlackElo "1680"]
[PlyCount "48"]
[EventDate "2004.01.25"]

1. d4 e6 2. Nc3 Bb4 3. e4 d5 4. e5 c5 5. f4 cxd4 6. Qxd4 Nc6 7. Bb5 Qa5 8. Bd2
Bxc3 9. Bxc6+ bxc6 10. Bxc3 Qb6 11. b4 Ne7 12. g4 h5 13. gxh5 Nf5 14. Qxb6 axb6
15. Ne2 c5 16. bxc5 bxc5 17. Kf2 Rxh5 18. a4 d4 19. Bd2 Bb7 20. Rhg1 Rxh2+ 21.
Ke1 Ba6 22. Nc1 c4 23. c3 Rb8 24. cxd4 Nxd4 0-1

[Event "4NCL/Div3/HKF1 vs. SCS"]
[Site "West Bromwich ENG"]
[Date "2004.01.25"]
[Round "4.8"]
[White "Lowry-O'Reilly, Hannah"]
[Black "Dupré, Paul D"]
[Result "0-1"]
[WhiteElo "1352"]
[BlackElo "2053"]
[PlyCount "86"]
[EventDate "2004.01.25"]

1. d4 Nf6 2. c4 g6 3. Nc3 d5 4. cxd5 Nxd5 5. e4 Nxc3 6. bxc3 Bg7 7. Bc4 c5 8.
Ne2 O-O 9. O-O Nc6 10. Be3 Bg4 11. f3 Na5 12. Bb3 Bd7 13. Rb1 c4 14. Ba4 Bxa4
15. Qxa4 a6 16. Qc2 b5 17. Qd2 Qd6 18. Rfd1 Rfd8 19. Qb2 {=} 19... Nc6 20. Qd2
Rd7 21. Rb2 Rad8 22. Rc2 Qa3 23. Qc1 Qa5 24. Qd2 Ne5 25. Nf4 e6 26. Ne2 Nd3 27.
Nc1 Nc5 28. Ne2 f5 29. Bg5 Re8 30. Qe3 {=} 30... Nd3 31. e5 Nxe5 32. Bh6 Nf7
33. Bxg7 Kxg7 34. d5 Qd8 35. Rcd2 exd5 36. Qf2 Qa5 37. Qd4+ Kg8 38. Nf4 Rd6 39.
Nxd5 Qd8 40. Qc5 Qh4 41. g3 Qh6 42. f4 Rde6 43. Kf1 Qh3+ 0-1

[Event "4NCL/Div3/ATH vs. NLIB1"]
[Site "West Bromwich ENG"]
[Date "2004.01.25"]
[Round "4.1"]
[White "van Voorthuijsen, Pieter W"]
[Black "Williams, Leighton"]
[Result "1/2-1/2"]
[WhiteElo "2263"]
[BlackElo "2362"]
[PlyCount "103"]
[EventDate "2004.01.25"]

1. d4 e6 2. c4 Bb4+ 3. Bd2 a5 4. g3 d6 5. Bg2 Nc6 6. Nf3 e5 7. d5 Bxd2+ 8. Qxd2
Nb8 9. Nc3 Nh6 10. O-O O-O 11. c5 Na6 12. c6 bxc6 13. dxc6 Kh8 14. Rad1 f6 15.
Ne1 Nb8 16. Nd3 Nf7 17. f4 exf4 18. Rxf4 Ra6 19. Rh4 g5 20. Rc4 Be6 21. Bd5
Bxd5 22. Nxd5 Rxc6 23. Rxc6 Nxc6 24. Qc3 Nb4 25. N3xb4 axb4 26. Qxb4 Ne5 27.
Qa5 c6 28. Qxd8 Rxd8 29. Nxf6 d5 30. Ne4 Rb8 31. Nxg5 Rxb2 32. Nf3 Nc4 33. Nd4
c5 34. Nf5 Nd2 35. Rc1 Ne4 36. Ne3 d4 37. Rc2 Rb1+ 38. Nf1 c4 39. Rxc4 Rxf1+
40. Kg2 Rf2+ 41. Kg1 Rf1+ 42. Kxf1 Nd2+ 43. Kf2 Nxc4 44. Kf3 Nd2+ 45. Kf4 h5
46. Ke5 Nf3+ 47. Ke4 Nxh2 48. a4 Nf1 49. a5 Nxg3+ 50. Kf3 d3 51. exd3 Nf5 52.
Kf4 1/2-1/2

[Event "4NCL/Div3/ATH vs. NLIB1"]
[Site "West Bromwich ENG"]
[Date "2004.01.25"]
[Round "4.2"]
[White "Jones, Richard S"]
[Black "Wismayer, Clive R"]
[Result "1-0"]
[WhiteElo "2262"]
[BlackElo "2150"]
[PlyCount "121"]
[EventDate "2004.01.25"]

1. e4 e6 2. d4 d5 3. Nc3 dxe4 4. Nxe4 Bd7 5. Nf3 Bc6 6. Bd3 Nd7 7. O-O Ngf6 8.
Bg5 Be7 9. Nxf6+ Bxf6 10. Bf4 O-O 11. Ne5 Bxe5 12. dxe5 Nxe5 13. Bxe5 Qd5 14.
Bxh7+ Kxh7 15. Qxd5 Bxd5 16. b3 f6 {=} 17. Bf4 e5 18. Rfd1 Be4 19. Be3 Rfd8 20.
f3 Bf5 21. c4 a6 22. Rac1 Kg6 23. h3 Kf7 24. f4 e4 25. g4 Bd7 26. f5 Bc6 27.
Bf4 Rd3 28. Rxd3 exd3 29. Rd1 Rd8 30. Bxc7 Rd7 31. Bf4 Bf3 32. Rd2 Be2 33. Kf2
Re7 34. Be3 Re8 35. a3 Ke7 36. b4 Kd7 37. Rb2 b5 38. c5 Re4 39. Rb1 Rc4 40. Rc1
Kc6 41. Rxc4 bxc4 42. Bd2 Bd1 43. Bc3 Kd5 44. Ke3 Bc2 45. h4 Bd1 46. Kf4 Be2
47. g5 Bh5 48. Ke3 fxg5 49. hxg5 Bg4 50. Kf4 Bh3 51. g6 Kc6 52. Ke5 Kd7 53. f6
gxf6+ 54. Kxf6 Bg2 55. Kf7 Kc6 56. g7 Bd5+ 57. Kf8 Kb5 58. g8=Q Bxg8 59. Kxg8
Ka4 60. c6 Kxa3 61. Be1 1-0

[Event "4NCL/Div3/ATH vs. NLIB1"]
[Site "West Bromwich ENG"]
[Date "2004.01.25"]
[Round "4.3"]
[White "Quinn, John M"]
[Black "Rees, Ioan"]
[Result "1/2-1/2"]
[WhiteElo "2167"]
[BlackElo "2179"]
[PlyCount "43"]
[EventDate "2004.01.25"]

1. d4 Nf6 2. c4 c5 3. d5 b5 4. cxb5 a6 5. e3 e6 6. Nc3 exd5 7. Nxd5 Bb7 8.
Nxf6+ Qxf6 9. bxa6 Nxa6 10. Nf3 Nb4 11. Bb5 Bd6 12. O-O Nxa2 13. e4 O-O 14. Bg5
Qg6 15. Re1 h6 16. Bh4 Nb4 17. Rxa8 Bxa8 18. Bg3 Bxg3 19. hxg3 d5 20. exd5 Bxd5
21. Ne5 Qd6 22. Bc4 1/2-1/2

[Event "4NCL/Div3/ATH vs. NLIB1"]
[Site "West Bromwich ENG"]
[Date "2004.01.25"]
[Round "4.4"]
[White "Borg, Andrew"]
[Black "Stevenson, James A B"]
[Result "1/2-1/2"]
[WhiteElo "2123"]
[BlackElo "2113"]
[PlyCount "47"]
[EventDate "2004.01.25"]

1. c4 g6 2. Nc3 Bg7 3. g3 c5 4. Bg2 Nc6 5. Nf3 e5 6. O-O Nge7 7. d3 O-O 8. Nd5
d6 9. a3 h6 10. Rb1 a5 11. b3 Be6 12. Nd2 Rb8 13. Bb2 b5 14. e3 b4 15. a4 Qd7
16. Qc2 f5 17. f4 Rbe8 18. Rbe1 Kh7 19. Kh1 Ng8 20. Rg1 Nf6 21. Nxf6+ Bxf6 22.
Nf3 Bg8 23. Rgf1 Re7 24. Nd2 1/2-1/2

[Event "4NCL/Div3/ATH vs. NLIB1"]
[Site "West Bromwich ENG"]
[Date "2004.01.25"]
[Round "4.5"]
[White "Gruettner, Ralf"]
[Black "Arnold, Chris"]
[Result "1-0"]
[WhiteElo "2055"]
[BlackElo "2045"]
[PlyCount "77"]
[EventDate "2004.01.25"]

1. d4 d5 2. c4 c6 3. cxd5 cxd5 4. Nc3 e5 5. e3 e4 6. Bb5+ Nc6 7. Nge2 Nf6 8.
Nf4 Bb4 9. O-O O-O 10. Bd2 Ne7 11. Nxe4 dxe4 12. Bxb4 g5 13. Nh5 Nfd5 14. Ba3
Nc7 15. Bc4 b5 16. Bb3 a5 17. Bc5 Na6 18. Nf6+ Kg7 19. Nxe4 Nxc5 20. Nxc5 Bf5
21. Bc2 Bxc2 22. Qxc2 Rc8 23. Rac1 Qd5 24. Qb3 b4 25. Qxd5 Nxd5 26. Nd3 a4 27.
Rxc8 Rxc8 28. Rc1 Rxc1+ 29. Nxc1 a3 30. bxa3 bxa3 31. Kf1 Kf6 32. Ke2 Nc3+ 33.
Kd3 Nd1 34. f3 g4 35. Ne2 h5 36. Nc3 Nb2+ 37. Ke4 Ke6 38. d5+ Kf6 39. fxg4 1-0

[Event "4NCL/Div3/ATH vs. NLIB1"]
[Site "West Bromwich ENG"]
[Date "2004.01.25"]
[Round "4.6"]
[White "Gandy, Andrew"]
[Black "Pedersen, Carsten"]
[Result "1/2-1/2"]
[WhiteElo "2103"]
[BlackElo "2040"]
[PlyCount "32"]
[EventDate "2004.01.25"]

1. d4 Nf6 2. Nf3 e6 3. c4 Nc6 4. a3 d6 5. Nc3 e5 6. dxe5 Nxe5 7. Nxe5 dxe5 8.
Qxd8+ Kxd8 9. Bg5 c6 10. e3 Be7 11. Be2 Bf5 12. O-O Ne4 13. Rfd1+ Ke8 14. Nxe4
Bxe4 15. Bxe7 Kxe7 16. Bd3 Bxd3 1/2-1/2

[Event "4NCL/Div3/ATH vs. NLIB1"]
[Site "West Bromwich ENG"]
[Date "2004.01.25"]
[Round "4.7"]
[White "McKeown, Paul"]
[Black "Thomas, Joseff"]
[Result "1-0"]
[WhiteElo "2050"]
[BlackElo "2099"]
[PlyCount "69"]
[EventDate "2004.01.25"]

1. d4 Nf6 2. c4 c5 3. d5 d6 4. Nc3 g6 5. Nf3 Bg7 6. h3 O-O 7. e4 Nbd7 8. Bd3 a6
9. a4 Ne8 10. O-O Ne5 11. Re1 Qa5 12. Bg5 f6 13. Bh4 Rf7 14. Nxe5 fxe5 15. Bg5
Nf6 16. Bd2 Qc7 17. a5 Nh5 18. Na4 Nf4 19. Bf1 Bd7 20. b4 Raf8 21. bxc5 Bxa4
22. Qxa4 Qxc5 23. Be3 Qc8 24. c5 g5 25. Rec1 Qd8 26. c6 bxc6 27. dxc6 Qc8 {=}
28. Qd1 h5 29. Rab1 g4 30. hxg4 hxg4 31. c7 Qe6 32. Rb8 Nh3+ 33. gxh3 gxh3 34.
Rxf8+ Rxf8 35. Bc4 1-0

[Event "4NCL/Div3/ATH vs. NLIB1"]
[Site "West Bromwich ENG"]
[Date "2004.01.25"]
[Round "4.8"]
[White "Smith, Olivia"]
[Black "Dokter, Marike"]
[Result "1-0"]
[WhiteElo "1831"]
[BlackElo "1376"]
[PlyCount "47"]
[EventDate "2004.01.25"]

1. e4 e5 2. Nf3 Nc6 3. Bc4 Bc5 4. c3 d6 5. a4 a5 6. d3 Nf6 7. O-O O-O 8. Nbd2
d5 9. exd5 Nxd5 10. Re1 Re8 11. d4 Bb6 12. dxe5 Nf4 13. Qc2 Ng6 14. Bd3 Ncxe5
15. Nxe5 Bxf2+ 16. Kxf2 Qh4+ 17. Kf1 Bg4 18. Ndf3 Bxf3 19. Nxf3 Rxe1+ 20. Nxe1
Qxh2 21. Bxg6 hxg6 22. Qf2 Re8 23. Be3 Re6 24. Nf3 1-0

[Event "4NCL/Div3/SWD2 vs. FCA"]
[Site "West Bromwich ENG"]
[Date "2004.01.25"]
[Round "4.1"]
[White "Morris, Charles F"]
[Black "Macdonald-Ross, Michael"]
[Result "0-1"]
[WhiteElo "2225"]
[BlackElo "2215"]
[PlyCount "74"]
[EventDate "2004.01.25"]

1. c4 e6 2. Nf3 Nf6 3. g3 d5 4. Bg2 Be7 5. b3 O-O 6. Bb2 c5 7. O-O Nc6 8. e3 b6
9. d4 Bb7 10. Nc3 dxc4 11. bxc4 Na5 12. Qe2 cxd4 13. Rfd1 d3 14. Rxd3 Qc7 15.
Rd4 Rac8 16. Nb5 Qb8 17. Rc1 {=} 17... a6 18. Na3 Qa8 19. Ne1 Bxg2 20. Nxg2 Rc7
21. Nb1 Rfc8 22. Ne1 b5 23. Nd2 e5 24. Rh4 Nd7 25. Rh5 Nxc4 26. Nxc4 bxc4 27.
Bxe5 Nxe5 28. Rxe5 Bf6 29. Ra5 Qb7 30. e4 Qc6 31. Nf3 {=} 31... Qb6 32. Rd5 Qe6
33. Rcd1 c3 34. Qc2 Rb7 35. e5 Be7 36. Qe4 c2 37. Rc1 Rb1 0-1

[Event "4NCL/Div3/SWD2 vs. FCA"]
[Site "West Bromwich ENG"]
[Date "2004.01.25"]
[Round "4.2"]
[White "Freeman, Richard C P"]
[Black "May, Frank"]
[Result "1/2-1/2"]
[WhiteElo "2139"]
[BlackElo "2146"]
[PlyCount "24"]
[EventDate "2004.01.25"]

1. e4 c6 2. d4 d5 3. f3 e6 4. Nc3 Nf6 5. Bg5 h6 6. Bh4 Be7 7. Qd3 b6 8. Nge2
Ba6 9. Qe3 Ng4 10. Bxe7 Nxe3 11. Bxd8 Kxd8 12. Rc1 Nd7 1/2-1/2

[Event "4NCL/Div3/SWD2 vs. FCA"]
[Site "West Bromwich ENG"]
[Date "2004.01.25"]
[Round "4.3"]
[White "Trevelyan, John"]
[Black "Smith, Graham M"]
[Result "1/2-1/2"]
[WhiteElo "2145"]
[BlackElo "2165"]
[PlyCount "56"]
[EventDate "2004.01.25"]

1. d4 d6 2. c4 e5 3. dxe5 dxe5 4. Qxd8+ Kxd8 5. Nc3 c6 6. e4 Be6 7. Nf3 f6 8.
b3 Nd7 9. Be2 a5 10. O-O g5 11. Ne1 Ne7 12. Nc2 Ng6 13. Ne3 h5 14. Rd1 Bc5 15.
Nf5 Bxf5 16. exf5 Nf4 17. Bxf4 gxf4 18. Rac1 Ke7 19. Ne4 Bd4 20. Kf1 {=} 20...
b6 21. Bf3 Ra7 22. h4 Rc7 23. Ke2 Nc5 24. Nxc5 Bxc5 25. Rg1 Bd4 26. Rc2 Kd6 27.
Kd3 Kc5 28. a3 Rd8 1/2-1/2

[Event "4NCL/Div3/SWD2 vs. FCA"]
[Site "West Bromwich ENG"]
[Date "2004.01.25"]
[Round "4.4"]
[White "Ioannides, Milton"]
[Black "Brown, Alan M"]
[Result "1/2-1/2"]
[WhiteElo "2081"]
[BlackElo "2113"]
[PlyCount "156"]
[EventDate "2004.01.25"]

1. b4 Nf6 2. Bb2 e6 3. a3 b6 4. e3 Bb7 5. Nf3 c5 6. b5 d6 7. c4 Nbd7 8. Be2 Qc7
9. O-O d5 10. d3 dxc4 11. dxc4 Rd8 12. Nbd2 Bd6 13. Qc2 Ne5 14. h3 h6 15. a4
O-O 16. a5 Rd7 17. axb6 axb6 18. Bc3 Nxf3+ 19. Bxf3 Be5 20. Ra7 Rb8 21. Bc6
Bxc3 22. Qxc3 Rd6 23. Nf3 Nd7 24. e4 f6 25. e5 Nxe5 26. Nxe5 fxe5 27. Rxb7 Rxb7
28. Bxb7 Qxb7 29. Qxe5 Qd7 30. Ra1 Kf7 31. Ra8 Rd1+ 32. Kh2 Qd6 33. Ra7+ Kf8
34. Ra8+ Kf7 35. Ra7+ Kf8 {=} 36. Qxd6+ Rxd6 37. Rb7 Rd4 38. Rxb6 Rxc4 39. Rxe6
Rb4 40. b6 c4 41. Rc6 c3 42. Rxc3 Rxb6 43. Rc7 Rb3 44. g4 Kg8 45. Kg2 Kh7 46.
f3 Kg6 47. Kg3 Rb4 48. h4 Ra4 49. h5+ Kf6 50. Rc5 Rb4 51. Rf5+ Ke6 52. Rf4 Rb7
53. Ra4 Kf7 54. f4 Rc7 55. g5 hxg5 56. fxg5 Rb7 57. Kf4 Rc7 58. Ra5 Rc8 59.
Ra7+ Kf8 60. Kf5 Rc6 61. Rd7 Ra6 62. Ke5 Rb6 63. Rd6 Rb7 64. Ke6 Re7+ 65. Kf5
Re8 66. Kg6 Kg8 67. Rc6 Rb8 68. Re6 Ra8 69. Re7 Ra6+ 70. Kf5 Ra8 71. g6 Ra5+
72. Re5 Rxe5+ 73. Kxe5 Kh8 74. Kf5 Kg8 75. Kg5 Kh8 76. h6 Kg8 77. hxg7 Kxg7 78.
Kf5 Kg8 1/2-1/2

[Event "4NCL/Div3/SWD2 vs. FCA"]
[Site "West Bromwich ENG"]
[Date "2004.01.25"]
[Round "4.5"]
[White "Binks, Michael"]
[Black "Williamson, Kevin J"]
[Result "1/2-1/2"]
[WhiteElo "2131"]
[BlackElo "2069"]
[PlyCount "47"]
[EventDate "2004.01.25"]

1. d4 d6 2. Nf3 Bg4 3. Nbd2 Nf6 4. c4 c6 5. e3 Nbd7 6. Bd3 e6 7. Qc2 d5 8. b3
Bd6 9. Bb2 O-O 10. Ne5 Bh5 11. h3 Bg6 12. Nxg6 hxg6 13. f4 Nh5 14. O-O Ng3 15.
Rf3 Qh4 16. Bc3 Nf6 17. Rxg3 Qxg3 18. Nf3 Bxf4 19. exf4 Qxf4 20. Re1 a5 21. Re5
a4 22. Bd2 axb3 23. Qxb3 Qg3 24. Be1 1/2-1/2

[Event "4NCL/Div3/SWD2 vs. FCA"]
[Site "West Bromwich ENG"]
[Date "2004.01.25"]
[Round "4.6"]
[White "Constantinou, Peter"]
[Black "Adams, Mark A"]
[Result "1/2-1/2"]
[WhiteElo "1808"]
[BlackElo "1973"]
[PlyCount "37"]
[EventDate "2004.01.25"]

1. e4 c5 2. Nf3 d6 3. c3 Nf6 4. h3 Bd7 5. Bd3 g6 6. Bc2 Bg7 7. O-O Nc6 8. d4
Qc7 9. d5 Ne5 10. Nfd2 Bb5 11. f4 Ned7 12. c4 Ba6 13. Bd3 O-O 14. Nc3 Rae8 15.
Nf3 e5 16. fxe5 Nxe5 17. Nxe5 Rxe5 18. Bf4 Ree8 19. Qc2 1/2-1/2

[Event "4NCL/Div3/SWD2 vs. FCA"]
[Site "West Bromwich ENG"]
[Date "2004.01.25"]
[Round "4.7"]
[White "Powell, Lloyd"]
[Black "Shaw, John S"]
[Result "1-0"]
[WhiteElo "1992"]
[BlackElo "1808"]
[PlyCount "47"]
[EventDate "2004.01.25"]

1. d4 Nf6 2. c4 e6 3. g3 d5 4. Bg2 Bb4+ 5. Bd2 Bxd2+ 6. Nxd2 O-O 7. Ngf3 Nbd7
8. O-O Re8 9. Qc2 c6 10. Rad1 Qb6 11. Rfe1 e5 12. e4 exd4 13. exd5 Rxe1+ 14.
Rxe1 c5 15. Ne4 Nxe4 16. Qxe4 Qd6 17. b4 b6 18. Qe7 Qxe7 19. Rxe7 Kf8 20. d6
Rb8 21. Ng5 cxb4 22. Rxf7+ Kg8 23. Bd5 Nf6 24. Rxf6+ 1-0

[Event "4NCL/Div3/WGR3 vs. AD2"]
[Site "West Bromwich ENG"]
[Date "2004.01.25"]
[Round "4.1"]
[White "Pokorna, Regina"]
[Black "Broom, Mark"]
[Result "1-0"]
[WhiteElo "2390"]
[BlackElo "2170"]
[PlyCount "53"]
[EventDate "2004.01.25"]

1. e4 c6 2. c4 e5 3. Nf3 d6 4. d4 Bg4 5. Be2 Nd7 6. O-O Qb6 7. c5 dxc5 8. Nxe5
cxd4 9. Nxg4 h5 10. Ne3 dxe3 11. Bxe3 Bc5 12. Bxc5 Nxc5 13. Na3 Rd8 14. Qc2 Ne6
15. Nc4 Qc7 16. e5 Ne7 17. Nd6+ Rxd6 18. exd6 Qxd6 19. Rad1 Nd4 20. Qe4 c5 21.
Bb5+ Kf8 22. Qxb7 g6 23. Rfe1 Nef5 24. Bc4 Rh7 25. Qxa7 Qc6 26. Re5 f6 27. Qxh7
1-0

[Event "4NCL/Div3/WGR3 vs. AD2"]
[Site "West Bromwich ENG"]
[Date "2004.01.25"]
[Round "4.2"]
[White "Mangwengwende, John"]
[Black "Lee, Graham D"]
[Result "0-1"]
[WhiteElo "2140"]
[BlackElo "2329"]
[PlyCount "74"]
[EventDate "2004.01.25"]

1. e4 c6 2. d4 d5 3. e5 Bf5 4. Nf3 e6 5. Be2 Bg4 6. c3 c5 7. O-O Bxf3 8. Bxf3
cxd4 9. cxd4 Qb6 10. b3 Nc6 11. Be3 Nh6 12. Nc3 Ba3 13. Na4 Qa5 14. Bd2 Qc7 15.
Bc1 Be7 16. Bb2 O-O 17. Rc1 f6 18. exf6 Rxf6 19. Nc5 Bd6 20. g3 Qf7 21. Bg2 g5
22. Qd2 Rf5 23. Bh3 g4 24. Qxh6 Bxc5 25. Bxg4 Rf6 26. Qd2 Bb6 27. Bc3 Rf8 28.
Rc2 Qg6 29. Bd1 R8f7 30. b4 e5 31. b5 Nxd4 32. Rb2 Rxf2 33. Rxf2 Rxf2 34. Qxf2
Ne6 35. Qxb6 axb6 36. Bb3 Qd3 37. Rc2 Nc5 0-1

[Event "4NCL/Div3/WGR3 vs. AD2"]
[Site "West Bromwich ENG"]
[Date "2004.01.25"]
[Round "4.3"]
[White "Cutmore, Martin J"]
[Black "Beveridge, Nigel"]
[Result "0-1"]
[WhiteElo "2120"]
[BlackElo "2028"]
[PlyCount "85"]
[EventDate "2004.01.25"]

1. d4 Nf6 2. c4 e6 3. Nc3 Bb4 4. f3 d5 5. a3 Bxc3+ 6. bxc3 c5 7. e3 O-O 8. cxd5
Nxd5 9. Bd2 f5 10. Nh3 Nc6 11. c4 Nc7 12. Bc3 f4 13. exf4 cxd4 14. Bb4 Re8 15.
Bd3 e5 16. f5 Na6 17. Qb3 e4 18. Bxe4 Bxf5 19. Nf2 Na5 20. Qc2 Rc8 21. c5 Nc6
22. O-O Bxe4 23. Nxe4 Rc7 24. Qb3+ Kh8 25. Nd6 Rf8 26. Rfe1 h6 27. Re4 Qg5 28.
f4 Rxf4 29. Re8+ Kh7 30. Qg8+ Kg6 31. Bd2 Nxc5 32. Bxf4 Qxf4 33. Nb5 Rf7 34.
Ree1 Nd3 35. Qe8 Nxe1 36. Qxe1 a6 37. Qb1+ Kg5 38. h4+ Kxh4 39. Qe1+ Kg5 40. g3
Qe3+ 41. Qxe3+ dxe3 42. Nd6 Rd7 43. Nc4 0-1

[Event "4NCL/Div3/WGR3 vs. AD2"]
[Site "West Bromwich ENG"]
[Date "2004.01.25"]
[Round "4.4"]
[White "Westwood, Richard D"]
[Black "Maduekwe, Chiedu"]
[Result "1/2-1/2"]
[WhiteElo "2048"]
[BlackElo "2127"]
[PlyCount "86"]
[EventDate "2004.01.25"]

1. e4 c6 2. d4 d5 3. Nc3 dxe4 4. Nxe4 Nd7 5. Ng5 Ngf6 6. Bd3 e6 7. N1f3 Bd6 8.
Qe2 h6 9. Ne4 Nxe4 10. Bxe4 Qc7 11. c3 b6 12. O-O Bb7 13. Re1 O-O 14. b3 Nf6
15. Bd3 c5 16. dxc5 Qxc5 17. Bb2 Qh5 18. Ne5 Qxe2 19. Rxe2 Rfd8 20. Bc4 a6 21.
a4 b5 22. axb5 axb5 23. Rxa8 Bxa8 24. Bxb5 Bxe5 25. Rxe5 Rd1+ 26. Bf1 Be4 27.
Ra5 Rb1 28. f3 Bc2 29. Ra8+ Kh7 30. Rd8 Nd5 31. c4 Ne3 32. Kf2 Nxf1 33. Be5
Bxb3 34. c5 Bd5 35. Rd7 Kg6 36. h4 Nd2 37. c6 Ne4+ 38. fxe4 Bxc6 39. h5+ Kxh5
40. Rxf7 g5 41. Re7 Bxe4 42. Rxe6 Rc1 43. g3 Rc6 1/2-1/2

[Event "4NCL/Div3/WGR3 vs. AD2"]
[Site "West Bromwich ENG"]
[Date "2004.01.25"]
[Round "4.5"]
[White "Hasman, Cengiz"]
[Black "Spanton, Timothy"]
[Result "1/2-1/2"]
[WhiteElo "2032"]
[BlackElo "2020"]
[PlyCount "82"]
[EventDate "2004.01.25"]

1. d4 d5 2. c4 dxc4 3. e3 Nf6 4. Bxc4 e6 5. Nf3 c5 6. O-O a6 7. a4 b6 8. Nc3
Bb7 9. Qe2 Nbd7 10. Rd1 Qc7 11. e4 cxd4 12. Nxd4 Ne5 13. Ba2 Bc5 14. Bf4 Rd8
15. Nb3 Bd6 16. Bg5 Be7 17. Rxd8+ Bxd8 18. h3 O-O 19. Nd2 Be7 20. Be3 Bc5 21.
Kh1 Rd8 22. Bf4 Bd6 23. Rd1 Nc6 24. Be3 Nb4 25. Bb1 Bc5 26. Bg5 Be7 27. Nf3
Rxd1+ 28. Qxd1 h6 29. Bh4 e5 30. Bg3 Bd6 31. Bh2 Nc6 32. Ne2 Ne7 33. Ng3 g6 34.
Qd2 Kg7 35. Bc2 Nc6 36. Ne2 Na5 37. Nc3 Nc4 38. Qc1 Na5 39. Bd3 Nc6 40. Bb1 Na5
41. Qd1 Nc6 1/2-1/2

[Event "4NCL/Div3/WGR3 vs. AD2"]
[Site "West Bromwich ENG"]
[Date "2004.01.25"]
[Round "4.6"]
[White "Pritchard, David"]
[Black "Cutmore, David A"]
[Result "1/2-1/2"]
[WhiteElo "1864"]
[BlackElo "2102"]
[PlyCount "54"]
[EventDate "2004.01.25"]

1. e4 Nf6 2. e5 Nd5 3. d4 d6 4. Nf3 Bf5 5. Bd3 Qd7 6. O-O Nb4 7. Bxf5 Qxf5 8.
Na3 e6 9. c3 Nd5 10. Re1 Be7 11. Qc2 Qh5 12. Qb3 Nb6 13. Nb5 Na6 14. Bf4 d5 15.
Nd2 O-O 16. Rac1 Qf5 17. Bg3 Bg5 18. Rcd1 h5 19. h3 Be7 20. c4 h4 21. Bh2 Bb4
22. Nc3 c5 23. a3 {=} 23... Ba5 24. cxd5 cxd4 25. Nce4 exd5 26. Nd6 Qd7 27. Qd3
Nc4 1/2-1/2

[Event "4NCL/Div3/WGR3 vs. AD2"]
[Site "West Bromwich ENG"]
[Date "2004.01.25"]
[Round "4.7"]
[White "Hillman, Jamie O"]
[Black "Lewis, Robin"]
[Result "1-0"]
[WhiteElo "1972"]
[BlackElo "1664"]
[PlyCount "77"]
[EventDate "2004.01.25"]

1. e4 e6 2. d4 d5 3. e5 c5 4. c3 Nc6 5. Nf3 Qb6 6. a3 c4 7. Nbd2 Nge7 8. Be2
Ng6 9. O-O Be7 10. Re1 O-O 11. Rb1 Bd7 12. g3 Rac8 13. h4 Bd8 14. Qc2 f5 15. b4
Be8 16. Nf1 f4 17. h5 fxg3 18. Nxg3 Nf4 19. Bxf4 Rxf4 20. Qd2 Rf8 21. Ng5 Bxg5
22. Qxg5 Qd8 23. Qg4 Qe7 24. f4 Qf7 25. h6 Qg6 26. hxg7 Kxg7 27. Nh5+ Kf7 28.
Nf6 Ne7 29. Qg2 Qxg2+ 30. Kxg2 Kg7 31. Bg4 Bg6 32. Bxe6 Rc6 33. Bd7 Ra6 34. Ra1
Rd8 35. a4 Kf7 36. a5 Ng8 37. b5 Be4+ 38. Nxe4 Rg6+ 39. Ng5+ 1-0

[Event "4NCL/Div3/WGR3 vs. AD2"]
[Site "West Bromwich ENG"]
[Date "2004.01.25"]
[Round "4.8"]
[White "McIntosh, Doreen"]
[Black "Kikoyo, Ali"]
[Result "0-1"]
[WhiteElo "1304"]
[BlackElo "1768"]
[PlyCount "86"]
[EventDate "2004.01.25"]

1. d4 d5 2. Nf3 e6 3. e3 Nf6 4. Bd3 a6 5. O-O c5 6. c3 Nc6 7. a3 Be7 8. Nbd2
Qc7 9. Re1 cxd4 10. exd4 Bd6 11. Nf1 h6 12. Qe2 O-O 13. Ne5 Bd7 14. Ng3 Rac8
15. b4 Na7 16. Bb2 Nb5 17. Nxd7 Qxd7 18. Rec1 Bf4 19. Rc2 Nd6 20. Nf1 Nc4 21.
Bc1 Bd6 22. Ne3 b5 23. Ng4 Nxg4 24. Qxg4 f5 25. Qe2 Rfe8 26. Bxc4 Rxc4 27. f4
Qc7 28. Qf3 Rxd4 29. g3 Re4 30. Be3 d4 31. Bf2 Qc6 32. Qd3 dxc3 33. Bd4 Qd5 34.
Rd1 Bb8 35. Qxc3 Rxd4 36. Rxd4 Ba7 37. Rcd2 Rd8 38. Kf1 Bxd4 39. Qc7 Rd7 40.
Qb8+ Kh7 41. Qc8 Rd6 42. g4 Rc6 43. Qf8 Qf3+ 0-1

[Event "4NCL/Div3/BRI2 vs. WES2"]
[Site "West Bromwich ENG"]
[Date "2004.01.25"]
[Round "4.1"]
[White "Dilleigh, Stephen P"]
[Black "Pye, David E"]
[Result "1/2-1/2"]
[WhiteElo "2163"]
[BlackElo "2132"]
[PlyCount "58"]
[EventDate "2004.01.25"]

1. d4 e6 2. c4 f5 3. g3 Nf6 4. Bg2 d5 5. Nh3 Be7 6. O-O O-O 7. Qc2 c6 8. Nd2
Ne4 9. Nf3 Bf6 10. Nf4 Bd7 11. Rd1 Qe7 12. Nd3 Be8 13. b3 Bh5 14. Nfe5 Rd8 15.
a4 Nd7 16. Ba3 Qe8 17. f3 Ng5 18. Bb2 Nxe5 19. dxe5 Be7 20. c5 h6 21. Bd4 Qd7
22. Nf4 Bf7 23. e3 a5 24. Kf2 Rf8 25. Bf1 Nh7 26. Bd3 g5 27. Ne2 Bg6 28. Kg2
Qe8 29. Rf1 Kg7 1/2-1/2

[Event "4NCL/Div3/BRI2 vs. WES2"]
[Site "West Bromwich ENG"]
[Date "2004.01.25"]
[Round "4.2"]
[White "Hopkins, Jamie R"]
[Black "Curtis, John"]
[Result "1/2-1/2"]
[WhiteElo "2136"]
[BlackElo "2121"]
[PlyCount "29"]
[EventDate "2004.01.25"]

1. c4 e5 2. g3 Nc6 3. Bg2 g6 4. Nc3 Bg7 5. e4 d6 6. Nge2 Nge7 7. d3 O-O 8. O-O
f5 9. h3 Be6 10. Nd5 Qd7 11. Bg5 h6 12. Bxe7 Nxe7 13. Rc1 c6 14. Nxe7+ Qxe7 15.
exf5 1/2-1/2

[Event "4NCL/Div3/BRI2 vs. WES2"]
[Site "West Bromwich ENG"]
[Date "2004.01.25"]
[Round "4.3"]
[White "Easton, Alex"]
[Black "Rutter, Nicholas"]
[Result "0-1"]
[WhiteElo "2091"]
[BlackElo "2124"]
[PlyCount "68"]
[EventDate "2004.01.25"]

1. Nf3 d5 2. c4 e6 3. d4 c6 4. Nbd2 Nf6 5. e3 Be7 6. Bd3 Nbd7 7. O-O O-O 8. b3
b6 9. Bb2 Bb7 10. Qe2 c5 11. Rfd1 Ne4 12. cxd5 exd5 13. dxc5 Nexc5 14. Nd4 Nxd3
15. Qxd3 Bf6 16. Rac1 Nc5 17. Qb1 Qd7 18. Ba1 Ba6 19. Qf5 Qxf5 20. Nxf5 Be2 21.
Bxf6 gxf6 22. Ne7+ Kg7 23. Nxd5 Bxd1 24. Rxd1 Rad8 25. Nf1 Rfe8 26. f3 Re5 27.
e4 f5 28. Nfe3 fxe4 29. f4 Re6 30. Rd4 Kf8 31. b4 Nd3 32. Rc4 Red6 33. Nc7 Rd4
34. Rc6 Rxb4 0-1

[Event "4NCL/Div3/BRI2 vs. WES2"]
[Site "West Bromwich ENG"]
[Date "2004.01.25"]
[Round "4.4"]
[White "Brameld, Arthur F"]
[Black "White, Michael"]
[Result "0-1"]
[WhiteElo "2079"]
[BlackElo "2068"]
[PlyCount "42"]
[EventDate "2004.01.25"]

1. Nc3 Nf6 2. d4 d5 3. e4 dxe4 4. f3 exf3 5. Nxf3 e6 6. Bd3 c5 7. Be3 Nbd7 8.
Qd2 Be7 9. O-O-O cxd4 10. Bxd4 O-O 11. h4 a6 12. Qe3 Qc7 13. Rdg1 b5 14. g4 Bb7
15. g5 Nh5 16. g6 hxg6 17. Rxg6 fxg6 18. Qxe6+ Rf7 19. Bxg6 Qf4+ 20. Kb1 Qxf3
21. Rg1 Nf8 0-1

[Event "4NCL/Div3/BRI2 vs. WES2"]
[Site "West Bromwich ENG"]
[Date "2004.01.25"]
[Round "4.5"]
[White "Stock, Toby"]
[Black "Pleasants, Allan J"]
[Result "1-0"]
[WhiteElo "2048"]
[BlackElo "2107"]
[PlyCount "43"]
[EventDate "2004.01.25"]

1. d4 Nf6 2. c4 c5 3. d5 b5 4. a4 bxc4 5. Nc3 d6 6. e4 e6 7. Bxc4 Be7 8. f4
exd5 9. Bb5+ Kf8 10. exd5 Na6 11. Nf3 Nb4 12. O-O Bf5 13. Ne5 a6 14. Bc4 h5 15.
b3 Qc8 16. h3 Bc2 17. Qf3 Qf5 18. Bb2 Re8 19. Rae1 Bd8 20. Re2 dxe5 21. fxe5
Rxe5 22. Qg3 1-0

[Event "4NCL/Div3/BRI2 vs. WES2"]
[Site "West Bromwich ENG"]
[Date "2004.01.25"]
[Round "4.6"]
[White "Clark, Ian C"]
[Black "Boyce, G Michael"]
[Result "1/2-1/2"]
[WhiteElo "2112"]
[BlackElo "2000"]
[PlyCount "28"]
[EventDate "2004.01.25"]

1. e4 c5 2. Nf3 Nc6 3. d4 cxd4 4. Nxd4 e6 5. Be2 Qc7 6. O-O Nf6 7. Nc3 a6 8. a3
Be7 9. Be3 O-O 10. Qd2 b5 11. f4 b4 12. axb4 Bxb4 13. Bf3 e5 14. Nxc6 dxc6
1/2-1/2